00330nam a2200109Ia 4500008004100000082002000041100001600061245001400077260003000091630003300121650006600154211118s9999||||xx |||||||||||||| ||und|| a894.8123bMUK-N aMukundan, M 0aNruththam bD c BooksaKottayamc2000 xMalayalam NovelGeneral Stack aMalayalam LiteraturevMalayalam FictionShort StoriesMalayalam